| 000 | 00969nam a22003015a 4500 | ||
|---|---|---|---|
| 001 | 16596848 | ||
| 005 | 20201128021156.0 | ||
| 008 | 110103s2012 at a frbd 001 0 eng d | ||
| 010 | _a2011920073 | ||
| 020 | _a9781111343156 | ||
| 040 |
_aDLC _cDLC _dEG-ScBUE |
||
| 082 | 0 | 0 |
_222 _a155 _bSIG |
| 100 | 1 |
_aSigelman, Carol K. _937131 |
|
| 245 | 1 | 0 |
_aHuman development across the life span / _cCarol K. Sigelman, Elizabeth A. Rider. |
| 250 |
_a7th ed., _binternational ed. |
||
| 260 |
_a[Canberra] : _bCengage Learning-Wadsworth, _c2012. |
||
| 300 |
_a[Various pagings] : _bill. (col.) ; _c28 cm. |
||
| 500 | _aIncludes glossary. | ||
| 500 | _aIncludes indexes. | ||
| 504 | _aIncludes bibliographical references. | ||
| 650 | 0 |
_9952 _aDevelopmental psychology |
|
| 650 |
_aHuman Development _923559 |
||
| 650 | 0 |
_9890 _aPsychology |
|
| 653 |
_bNNUR _cJanuary2015 |
||
| 655 |
_vreading book _934232 |
||
| 700 | 1 |
_aRider, Elizabeth A. _937133 |
|
| 942 |
_2ddc _k155 SIG |
||
| 999 |
_c18863 _d18835 |
||